Quiz : quelle essence en latin-français ? - Statistiques

Statistiques générales
  • Ce quiz a été pris 47 fois
  • Le résultat moyen est 17 sur 31
Statistiques - réponses
Hint Réponse % Correct
Pin sylvestre Pinus sylvestris
86%
Aulne Alnus
83%
Ciste Cistus
80%
Pin d'Alep Pinus halepensis
77%
Saule Salix
77%
Bouleau Betula
74%
Châtaignier Castanea
74%
Pin pignon Pinus pinea
74%
Vigne Vitis vinifera
74%
Charme Carpinus
69%
Olivier Olea europaea
66%
Peuplier Populus
66%
Epicéa Picea
63%
Poirier Pirus
63%
Buis Buxus sempervirens
54%
Prunier mirabelle Prunus domestica
54%
Sureau Sambuscus
54%
Figuier Ficus
49%
Genévrier Juniperus
49%
Chêne Quercus
49%
Orme Ulmus
49%
If Taxus
40%
Erable Acer
34%
Pommier Malus
34%
Cerisier Prunus cerasus
34%
Hêtre Fagus
31%
Sapin Abies
29%
Noisetier Corylus
29%
Noyer Juglans
29%
Bruyère Erica
17%
Mélèze Larix
17%
Aucun quiz correspondant
Distribution des résultats
% des personnes avec chaque résultat
Percentile par nombre de réponses
Votre historique - résultats
Vous n’avez pas pris ce quiz